000 00234nam a2200097Ia 4500
008 120527s9999 xx 000 0 und d
100 _aMUSCROFT,Sarah.
245 _aChildren's Right.
260 _bIntl. save the children.
942 _cBK
999 _c23718
_d23718